| 000 | 00000nam##2200000za#4500 |
| 001 | 9.607146 |
| 003 | CaOODSP |
| 005 | 20220901164728 |
| 007 | cr ||||||||||| |
| 008 | 150406|2009||||xxc|||||o f|0| 0 fre|d |
| 040 | |aCaOODSP|bfre |
| 043 | |an-cn--- |
| 086 | 1 |aJ3-2/2009-8F-PDF |
| 110 | 1 |aCanada.|bJustice Canada. |
| 245 | 13|aLe point de vue de l'enfant dans la médiation et les autres méthodes de règlement extrajudiciaire des différends dans les cas de séparation et de divorce : |h[ressource électronique]|bune analyse documentaire / |cpréparé par Rachel Birnbaum. |
| 260 | |aOttawa - Ontario : |bJustice Canada |cJuin 2009. |
| 300 | |a102p.|bréférences |
| 490 | 1 |aMinistère de la justice - rapport de recherche |
| 590 | |a14-13-Supp|b2014-06-23 |
| 691 | 07|aDivorce|2gcpds |
| 691 | 07|aEnfant|2gcpds |
| 691 | 07|aMédiation|2gcpds |
| 775 | 08|tThe voice of the child in separation/divorce mediation and other alternative dispute resolution processes : |w(CaOODSP)9.579930 |
| 830 | #0|aRapport de recherche (Canada. Ministère de la justice. Division de la recherche et de la statistique)|w(CaOODSP)9.501474 |
| 856 | 40|ahttp://publications.gc.ca|qPDF|s321 Ko|uhttps://publications.gc.ca/collections/collection_2014/jus/J3-2-2009-8-fra.pdf |